000 00876nas a2200253 4500
001 BR8701914
003 BR-BrBNA
005 20231205090626.0
007 ta
008 230509b bl.|||p| |||| 00| 00por d
040 _aBR-BrBNA
_bpor
_cBiblioteca Nacional de Agricultura
041 _a(Pt)
072 _aP06; P05
100 1 _aCamilleri, C.
245 1 _aProcesso de fermentacao alcoolica e fermentador de metanizacao com biomassa em leito fixo
246 1 _a[Alcoholic fermentation process and methanization process with biomass with from litter]
650 _aFERMENTACAO ALCOOLICA
650 _aFERMENTACAO ANAEROBICA
650 _aMETANO
650 _aRECURSO ENERGETICO
773 0 _tEnergia Fontes Alternativas (Brazil)
_xISSN 0100-6371
_g(Jan-Apr 1986), v. 8(41-42) p. 24-28
_wBR8701914
909 _a202311
_bLúcia
_c55
_dLúcia Elande
942 _2AGRIS
_n0
_cANA
999 _c119855
_d119855